By the Numbers #54 - Statistics

General Stats
  • This quiz has been taken 61 times
  • The average score is 8 of 20
Answer Stats
Hint Explanation Answer % Correct
Simplify 250/2 250/2
   = 250 ÷ 2
   = 125
125
97%
Number of Teenage Mutant Ninja Turtles Wikipedia 4
87%
The sum of all single-digit decimal digits 0 + 1 + 2 + 3 + 4 + 5 + 6 + 7 + 8 + 9 = 45 45
74%
CD ÷ IV The Roman numerals CD and IV are equivalent to Arabic numbers 400 and 4, respectively. So, …

400 ÷ 4 = 100
100
68%
25 25/75 + 50 50/75 25 25/75 + 50 50/75

   = (25 + 25/75) + (50 + 50/75)

   = (25 + 50) + (25/75 + (50/75)

   = 75 + (25/75 + 50/75)

   = 75 + 75/75

   = 75 + 1

   = 76
76
55%
Number of pecks in a bushel + number of quarts in a gallon + number of pounds in a ton There are:
- 4 pecks in a bushel
- 4 quarts in a gallon
- 2000 pounds in a ton

So, …

4 + 4 + 2000 = 2008
2008
53%
Number of JetPunk sovereign states that share a land border with Belize Wikipedia 2
50%
Number of Orientales (easterners) who established Uruguay’s independence in 1825, and who are commemorated in the name of the Uruguayan city of Treinta y Tres Wikipedia 33
50%
Denomination of the U.S. banknote sometimes referred to as a “sawbuck” Wikipedia 10
45%
Age at which life begins, according to the phrase popularized by the title of Walter B. Pitkin’s 1932 self-help book Wikipedia 40
42%
Maximum number of years North American periodical cicadas remain in the ground before emerging to mate Wikipedia 17
39%
Number of sides a triacontadigon has Wikipedia 32
37%
Number (of children) that was enough in the title of the U.S. sitcom that aired on ABC between 1977 and 1981, and that starred Dick Van Patten and Diana Hyland Wikipedia 8
24%
October date on which the Church of England commemorates Luke the Evangelist The Church of England 18
21%
Atomic number of the element zinc Wikipedia 30
18%
Sum of the numbers present in the title of John Godey‘s 1973 thriller novel about the hijacking of a subway train; and in the titles of the three films based on his novel (1974, 1998, 2009) Wikipedia 6
18%
Number of twins mentioned in a brand of organic ice cream headquartered in Petaluma, California from 2005 until the COVID-19 pandemic forced it to close in 2020 Wikipedia 3
16%
Number of parishes (parròquies) that comprise the first level administrative divisions of the Principality of Andorra Wikipedia 7
11%
Number found in the name of the Rolls Royce Corniche model produced from 1999 to 2002 Wikipedia 5
8%
Octember date in the title of Dr. Seuss’s 1977 children’s book Seussville 1
5%
No matching quizzes found
Score Distribution
Percent of People with Each Score
Percentile by Number Answered
Your Score History
You have not taken this quiz